Solutions to selected exercises in The logic book / (Record no. 4239)

MARC details
000 -LEADER
fixed length control field 00602cam a2200205Ia 4500
020 ## - INTERNATIONAL STANDARD BOOK NUMBER
ISBN 0070049408
020 ## - INTERNATIONAL STANDARD BOOK NUMBER
ISBN 9780070049406
050 #4 - CALL NUMBER
Classification number BC135
Item number .B4352 1990
100 1# - AUTHOR
Personal name Bergmann, Merrie.
245 10 - TITLE
Title Solutions to selected exercises in The logic book /
Statement of responsibility, etc Merrie Bergmann, James Moor, Jack Nelson.
250 ## - EDITION
Edition statement Second edition.
260 ## - PUBLICATION INFORMATION
Place of publication United States
Name of publisher McGraw Hill
Year of publication 1990
300 ## - DESCRIPTION
Number of Pages 251 pages ;
Dimensions 24 cm.
650 #0 - SUBJECTS
Topical Term Logic, Symbolic and mathematical
650 #0 - SUBJECTS
Topical Term Predicate (Logic)
700 1# - OTHER AUTHORS
Personal name Moor, James,
700 1# - OTHER AUTHORS
Personal name Nelson, Jack,
700 1# - OTHER AUTHORS
Personal name Bergmann, Merrie.
942 ## - ADDED ENTRY ELEMENTS (KOHA)
Koha item type Books
Holdings
Withdrawn status Lost status Collection code Home library Current library Shelving location Date acquired Full call number Accession Number Koha item type
    Reference Methodist University Library Main Methodist University Library Main General Stacks 20/07/2000 BC135 .B4352 1990 16638 Books
Copyright © 2026  MUG Library